[Event "United States Championship 2006"]
[Site "San Diego USA"]
[Date "2006.03.07"]
[Round "5"]
[White "Novikov, I."]
[Black "Christiansen, L."]
[Result "1/2-1/2"]
[WhiteElo "2575"]
[BlackElo "2546"]
[PlyCount "61"]
[EventDate "2006.??.??"]

1. d4 Nf6 2. c4 g6 3. Nc3 Bg7 4. e4 d6 5. f3 O-O 6. Bg5 a6 7. Qd2 Nbd7 8. d5 c6
9. Nh3 b5 10. Nf2 bxc4 11. dxc6 Ne5 12. f4 Nxc6 13. Bxc4 Bb7 14. O-O Rc8 15.
Rad1 Na5 16. Bd3 h6 17. Bh4 Nc4 18. Qe2 Qc7 19. b3 Na3 20. Bxf6 Bxf6 21. Nd5
Bxd5 22. exd5 Qb6 23. Kh1 Nb5 24. Ne4 Kg7 25. a4 Nc3 26. Nxc3 Rxc3 27. Bc4 a5
28. Rd3 Rxd3 29. Qxd3 h5 30. g3 Qd4 31. Qxd4 1/2-1/2

[Event "United States Championship 2006"]
[Site "San Diego USA"]
[Date "2006.03.07"]
[Round "5"]
[White "Onischuk, A."]
[Black "Gurevich, D."]
[Result "1/2-1/2"]
[WhiteElo "2650"]
[BlackElo "2503"]
[PlyCount "125"]
[EventDate "2006.??.??"]

1. d4 d5 2. c4 c6 3. Nf3 Nf6 4. Nc3 a6 5. e3 b5 6. b3 Bg4 7. Be2 Nbd7 8. h3 Bh5
9. O-O e6 10. Bb2 Be7 11. Ne5 Bxe2 12. Nxe2 Nxe5 13. dxe5 Ne4 14. Nd4 Qd7 15.
cxd5 cxd5 16. Rc1 O-O 17. f3 Nc5 18. Rf2 Rfc8 19. Rfc2 Qb7 20. Qd2 b4 21. Qe2
Bf8 22. h4 Nd7 23. f4 g6 24. Nf3 Nc5 25. Bd4 Ne4 26. Ng5 Ng3 27. Qf2 Ne4 28.
Nxe4 dxe4 29. g4 a5 30. f5 Rxc2 31. Rxc2 Rc8 32. f6 Rc6 33. Qe2 Qc8 34. Rxc6
Qxc6 35. Qc4 Qa8 36. Qc2 h6 37. Kf2 Qb7 38. Ke1 Qa8 39. Kd2 Qb7 40. Qc4 Kh7 41.
Ke1 Kg8 42. g5 h5 43. Kd1 Kh7 44. Ke2 Kg8 45. Ke1 Kh7 46. Kf2 Kg8 47. Kg3 Kh7
48. Bc5 Bxc5 49. Qxc5 Qa8 50. Qe7 Kg8 51. Qd7 Kf8 52. Kf4 Kg8 53. Qb5 Kh7 54.
Qc4 Kg8 55. Qxe4 Qa6 56. Qg2 Kh7 57. Kg3 Qd3 58. Qf3 Qd2 59. Qf2 Qd3 60. Qf4
Qc3 61. Qd4 Qe1+ 62. Kg2 Qe2+ 63. Kg3 1/2-1/2

[Event "United States Championship 2006"]
[Site "San Diego USA"]
[Date "2006.03.07"]
[Round "5"]
[White "Stripunsky, A."]
[Black "Friedel, J."]
[Result "1/2-1/2"]
[WhiteElo "2564"]
[BlackElo "2455"]
[PlyCount "62"]
[EventDate "2006.??.??"]

1. e4 e5 2. Nf3 Nc6 3. Bb5 a6 4. Ba4 Nf6 5. d3 b5 6. Bb3 Bc5 7. Nc3 O-O 8. Nd5
h6 9. Be3 d6 10. Nxf6+ Qxf6 11. Bd5 Bd7 12. Bxc5 dxc5 13. Qd2 Rae8 14. Bxc6
Bxc6 15. Qe3 Qd6 16. Nd2 f5 17. f3 c4 18. exf5 Rxf5 19. O-O cxd3 20. cxd3 Rd8
21. Rfc1 Qxd3 22. Qxd3 Rxd3 23. Nf1 Rf6 24. Rc5 e4 25. fxe4 Bxe4 26. Rxc7 Bd5
27. Rc2 h5 28. a3 h4 29. Re1 Bc4 30. Nd2 Bd5 31. Nf1 Bc4 1/2-1/2

[Event "United States Championship 2006"]
[Site "San Diego USA"]
[Date "2006.03.07"]
[Round "5"]
[White "Stein, A."]
[Black "Goldin, A."]
[Result "1/2-1/2"]
[WhiteElo "2415"]
[BlackElo "2598"]
[PlyCount "123"]
[EventDate "2006.??.??"]

1. e4 e5 2. Nf3 Nc6 3. Bb5 a6 4. Ba4 Nf6 5. O-O Be7 6. Re1 d6 7. c3 Bg4 8. d3
Nd7 9. Nbd2 Nc5 10. Bc2 Ne6 11. h3 Bh5 12. Nf1 Ng5 13. N1h2 Nxf3+ 14. Nxf3 O-O
15. Be3 d5 16. Ba4 d4 17. Bc1 Bxf3 18. Qxf3 b5 19. Bb3 Na5 20. Bc2 c5 21. Qg3
dxc3 22. bxc3 Rc8 23. Bh6 Bf6 24. Rab1 Qd6 25. Red1 Rfd8 26. Be3 Rc7 27. a3
Rcd7 28. Qg4 Qc6 29. a4 b4 30. cxb4 cxb4 31. Rdc1 Qb7 32. Bd2 Nc6 33. a5 Qb5
34. Qd1 Rd6 35. Ba4 Qxd3 36. Rxc6 Rxc6 37. Bxc6 Qxd2 38. Qxd2 Rxd2 39. Rxb4
Rd1+ 40. Kh2 Bd8 41. Bd5 Kf8 42. Rb8 Ke8 43. Ra8 Ra1 44. Bxf7+ Kxf7 45. Rxd8
Rxa5 46. Rh8 h6 47. h4 Ra2 48. f3 a5 49. h5 a4 50. Kh3 a3 51. Ra8 Kf6 52. g3
Ra1 53. Kg4 a2 54. Ra6+ Ke7 55. Kf5 Rh1 56. Ra7+ Kd6 57. Rxa2 Rxh5+ 58. Kg4
Rg5+ 59. Kh4 Ke7 60. Ra6 Kf7 61. Rb6 Ke7 62. Ra6 1/2-1/2

[Event "United States Championship 2006"]
[Site "San Diego USA"]
[Date "2006.03.07"]
[Round "5"]
[White "Lenderman, A."]
[Black "Serper, G."]
[Result "1/2-1/2"]
[WhiteElo "2431"]
[BlackElo "2517"]
[PlyCount "82"]
[EventDate "2006.??.??"]

1. e4 c5 2. Nf3 e6 3. d4 cxd4 4. Nxd4 a6 5. Bd3 Nf6 6. O-O d6 7. c4 b6 8. Nc3
Bb7 9. Qe2 Nbd7 10. b3 g6 11. Bb2 Bg7 12. Rad1 O-O 13. Bb1 Qc7 14. f4 e5 15.
fxe5 Nxe5 16. Nc2 Rfe8 17. Ba3 Rad8 18. Ne3 b5 19. Kh1 Re6 20. Ncd5 Nxd5 21.
Nxd5 Bxd5 22. cxd5 Ree8 23. Rc1 Qb6 24. Qf2 Qb8 25. Bb2 Rd7 26. Bxe5 Bxe5 27.
Rc6 a5 28. Bd3 b4 29. Ra6 Ree7 30. Rxa5 Ra7 31. Rb5 Rab7 32. Rxb7 Rxb7 33. Rc1
Kg7 34. Rc6 Qd8 35. g3 Qg5 36. Kg2 h5 37. h4 Qg4 38. Qf3 Qd7 39. Rc2 Ra7 40.
Qe2 Qd8 41. Qd2 Rb7 1/2-1/2

[Event "United States Championship 2006"]
[Site "San Diego USA"]
[Date "2006.03.07"]
[Round "5"]
[White "Schneider, D."]
[Black "De Firmian, N."]
[Result "1/2-1/2"]
[WhiteElo "2486"]
[BlackElo "2547"]
[PlyCount "120"]
[EventDate "2006.??.??"]

1. e4 c5 2. Nf3 d6 3. d4 cxd4 4. Nxd4 Nf6 5. Nc3 a6 6. f3 e5 7. Nb3 Be6 8. Be3
Be7 9. Qd2 O-O 10. O-O-O Nbd7 11. g4 b5 12. g5 b4 13. Ne2 Ne8 14. h4 a5 15. Kb1
a4 16. Nbc1 b3 17. Nc3 bxc2+ 18. Qxc2 a3 19. b3 Nc7 20. Nd5 Bxd5 21. exd5 Qb8
22. Qc6 Rd8 23. Rh2 Nc5 24. Bxc5 dxc5 25. d6 Ne6 26. Bc4 Rxd6 27. Rxd6 Bxd6 28.
Bxe6 fxe6 29. Rd2 Bf8 30. Qxe6+ Kh8 31. Nd3 Qe8 32. Qxe8 Rxe8 33. Re2 Bd6 34.
Kc2 Kg8 35. Kc3 h6 36. gxh6 gxh6 37. h5 Rf8 38. Rg2+ Kh7 39. Rg6 Rxf3 40. Rxd6
e4 41. Kc4 exd3 42. Rxd3 Rf2 43. Kxc5 Rxa2 44. b4 Rc2+ 45. Kb6 a2 46. Ra3 Kg7
47. b5 Kf6 48. Ka7 Kg5 49. b6 Kxh5 50. b7 Rb2 51. b8=Q Rxb8 52. Kxb8 Kg4 53.
Kc7 h5 54. Kd6 h4 55. Ke5 h3 56. Rxa2 Kg3 57. Ra3+ Kg4 58. Ra8 h2 59. Rh8 Kg3
60. Rxh2 Kxh2 1/2-1/2

[Event "United States Championship 2006"]
[Site "San Diego USA"]
[Date "2006.03.07"]
[Round "5"]
[White "Florean, A."]
[Black "Vicary, E."]
[Result "1-0"]
[WhiteElo "2426"]
[BlackElo "2107"]
[PlyCount "111"]
[EventDate "2006.??.??"]

1. e4 c5 2. Nf3 Nc6 3. d4 cxd4 4. Nxd4 Nf6 5. Nc3 e5 6. Ndb5 d6 7. Bg5 a6 8.
Na3 b5 9. Nd5 Qa5+ 10. Bd2 Qd8 11. Bg5 Qa5+ 12. Bd2 Qd8 13. Bd3 Nxd5 14. exd5
Ne7 15. c4 g6 16. cxb5 Bg7 17. O-O O-O 18. Bb4 Nxd5 19. Be4 Nxb4 20. Bxa8 d5
21. Qd2 Be6 22. bxa6 Nxa6 23. Bc6 Qb6 24. Rac1 Nc5 25. Bxd5 Rd8 26. Nc4 Qa7 27.
Ne3 Bh6 28. Qc3 Na4 29. Qc7 Qxc7 30. Rxc7 Bxd5 31. Rd1 Bxe3 32. fxe3 e4 33. b3
Nb2 34. Rd4 Nd3 35. a4 Kg7 36. a5 Kf6 37. a6 Ke6 38. a7 Ra8 39. b4 Nxb4 40.
Rxb4 Kd6 41. Rbb7 Bxb7 42. Rxb7 Ke6 43. Kf2 h6 44. Ke2 f5 45. Kd2 g5 46. g3 Ke5
47. Rb5+ Kd6 48. Ra5 Kc6 49. Kc3 Kb6 50. Ra2 Kc5 51. Ra1 Kd5 52. Ra5+ Kc6 53.
Kd4 Kb6 54. Ra2 f4 55. gxf4 gxf4 56. exf4 1-0

[Event "United States Championship 2006"]
[Site "San Diego USA"]
[Date "2006.03.07"]
[Round "5"]
[White "Bercys, S."]
[Black "Kudrin, S."]
[Result "0-1"]
[WhiteElo "2358"]
[BlackElo "2554"]
[PlyCount "70"]
[EventDate "2006.??.??"]

1. e4 c5 2. Nf3 d6 3. d4 cxd4 4. Nxd4 Nf6 5. Nc3 g6 6. Be3 Bg7 7. f3 Nc6 8. Qd2
O-O 9. O-O-O d5 10. exd5 Nxd5 11. Nxc6 bxc6 12. Bd4 e5 13. Bc5 Be6 14. Ne4 Re8
15. Bc4 h6 16. g4 Qc7 17. h4 f5 18. gxf5 gxf5 19. Nd6 Rf8 20. Rhg1 Rf6 21. Qe1
Kh7 22. Qxe5 Bh8 23. Bd3 Rg6 24. Qe1 Rb8 25. b3 Qg7 26. Nc4 Qa1+ 27. Kd2 Qxa2
28. Rxg6 Bc3+ 29. Ke2 Nf4+ 30. Kf1 Bxe1 31. Rxe6 Nxe6 32. Bxf5+ Kh8 33. Bd6 Rb5
34. Bxe6 Bxh4 35. Na3 Ra5 0-1

[Event "United States Championship 2006"]
[Site "San Diego USA"]
[Date "2006.03.07"]
[Round "5"]
[White "Benjamin, J."]
[Black "Fernandez, D."]
[Result "1/2-1/2"]
[WhiteElo "2576"]
[BlackElo "2423"]
[PlyCount "82"]
[EventDate "2006.??.??"]

1. e4 e5 2. Nf3 Nc6 3. Bb5 Nf6 4. d3 d6 5. c3 Bd7 6. O-O g6 7. Re1 Bg7 8. Nbd2
O-O 9. Nf1 Ne7 10. Bc4 c6 11. Bb3 Qc7 12. Ng3 Rad8 13. d4 c5 14. Be3 Bc6 15.
Qc2 Ng4 16. Bd2 exd4 17. cxd4 cxd4 18. h3 d3 19. Qxd3 Ne5 20. Nxe5 Bxe5 21. Bc3
Qb6 22. Rad1 Qc5 23. Bxe5 Qxe5 24. Qd2 h5 25. f4 Qc5+ 26. Kh2 Kh7 27. Rc1 Qb6
28. f5 h4 29. Nf1 Qb5 30. Qg5 Qe5+ 31. Kh1 Kg7 32. Nh2 f6 33. Qxh4 Qxb2 34. Rc2
Qd4 35. Nf3 Qb4 36. Rc4 Qa5 37. Rd1 d5 38. exd5 Nxf5 39. Qf2 Rxd5 40. Rxd5 Qxd5
41. Rg4 Qa5 1/2-1/2

[Event "United States Championship 2006"]
[Site "San Diego USA"]
[Date "2006.03.07"]
[Round "5"]
[White "Tate, E."]
[Black "Zenyuk, I."]
[Result "1-0"]
[WhiteElo "2391"]
[BlackElo "2194"]
[PlyCount "63"]
[EventDate "2006.??.??"]

1. e4 c5 2. Nf3 e6 3. d4 cxd4 4. Nxd4 Nc6 5. Nc3 Qc7 6. f4 a6 7. Nxc6 bxc6 8.
Bd3 d6 9. Qf3 Bb7 10. f5 e5 11. g4 h6 12. h4 Nf6 13. g5 hxg5 14. hxg5 Rxh1+ 15.
Qxh1 Nd7 16. Bd2 Nc5 17. Bc4 O-O-O 18. O-O-O d5 19. exd5 cxd5 20. Nxd5 Bxd5 21.
Bxd5 Nd3+ 22. Kb1 Nf2 23. Qf1 Rxd5 24. Qxf2 Bc5 25. Qe2 Qd6 26. Kc1 Kb7 27. Re1
f6 28. gxf6 gxf6 29. Be3 Ba3 30. c4 Rd3 31. bxa3 Qxa3+ 32. Qb2+ 1-0

[Event "United States Championship 2006"]
[Site "San Diego USA"]
[Date "2006.03.07"]
[Round "5"]
[White "Goletiani, R."]
[Black "Dlugy, M."]
[Result "1/2-1/2"]
[WhiteElo "2378"]
[BlackElo "2531"]
[PlyCount "105"]
[EventDate "2006.??.??"]

1. Nf3 d5 2. g3 Nc6 3. d4 Bg4 4. Bg2 e6 5. O-O Nf6 6. c3 Bd6 7. Nbd2 O-O 8. Re1
Ne7 9. e4 dxe4 10. Nxe4 Nxe4 11. Rxe4 Bh5 12. Qb3 Rb8 13. Re1 c6 14. Ne5 Nd5
15. Bd2 Re8 16. h3 Qc7 17. c4 Nf6 18. Bb4 Red8 19. g4 Bg6 20. Rad1 Nd7 21. Bxd6
Qxd6 22. h4 f6 23. c5 Qe7 24. Nxg6 hxg6 25. Rxe6 Qf7 26. Ree1 Qxb3 27. axb3 a5
28. Kh2 b6 29. Bxc6 bxc5 30. Bxd7 Rxd7 31. dxc5 Rc7 32. Rc1 Rb5 33. c6 Rb6 34.
Re8+ Kf7 35. Ra8 Rxb3 36. Rc2 Rb5 37. Kg3 Ke6 38. f3 g5 39. h5 Kf7 40. Rh8 Rb6
41. Re2 Rbxc6 42. Ree8 Re7 43. Ref8+ Ke6 44. h6 gxh6 45. Rxf6+ Kxf6 46. Rxh6+
Kg7 47. Rxc6 Rb7 48. Rc5 Kg6 49. Rc6+ Kg7 50. Rc2 Rb3 51. Rc5 Kg6 52. Rxa5 Rxb2
53. Ra6+ 1/2-1/2

[Event "United States Championship 2006"]
[Site "San Diego USA"]
[Date "2006.03.07"]
[Round "5"]
[White "Epstein, E."]
[Black "Kleiman, J."]
[Result "1-0"]
[WhiteElo "2178"]
[BlackElo "2279"]
[PlyCount "95"]
[EventDate "2006.??.??"]

1. e4 c5 2. Nf3 e6 3. d4 cxd4 4. Nxd4 a6 5. Bd3 Bc5 6. Nb3 Ba7 7. O-O Nc6 8. a4
Nge7 9. Nc3 d6 10. Kh1 e5 11. Bc4 O-O 12. Bg5 Qc7 13. Qe2 h6 14. Bxe7 Qxe7 15.
Nd5 Qh4 16. c3 Be6 17. Nd2 Rad8 18. b4 Rc8 19. Nf3 Qd8 20. Rfd1 Bg4 21. Rac1 a5
22. h3 Bxf3 23. Qxf3 axb4 24. cxb4 Nd4 25. Qg4 Kh8 26. Ne3 g6 27. Bd5 Rc7 28.
Rxc7 Qxc7 29. h4 h5 30. Qg5 Kh7 31. Qf6 Ne2 32. Nf5 gxf5 33. Qxf5+ Kg7 34. Qg5+
Kh7 35. Qxh5+ Kg7 36. Qxe2 Rh8 37. g3 Rh6 38. Rd3 Qd7 39. Kg2 Rf6 40. Rf3 Rxf3
41. Qxf3 Bd4 42. a5 Ba7 43. b5 Bc5 44. b6 Bd4 45. Qb3 Qc8 46. a6 Qd8 47. a7
Bxb6 48. a8=Q 1-0

[Event "United States Championship 2006"]
[Site "San Diego USA"]
[Date "2006.03.07"]
[Round "5"]
[White "Schneider, I."]
[Black "Nakamura, H."]
[Result "0-1"]
[WhiteElo "2376"]
[BlackElo "2644"]
[PlyCount "80"]
[EventDate "2006.??.??"]

1. e4 e6 2. d4 d5 3. e5 c5 4. c3 Nc6 5. Nf3 Qb6 6. a3 Nh6 7. b4 cxd4 8. cxd4
Nf5 9. Bb2 Bd7 10. g4 Nfe7 11. Nc3 Na5 12. Nd2 Rc8 13. Qc2 Qxd4 14. Nb5 Qb6 15.
bxa5 Qxb5 16. Qxc8+ Nxc8 17. Bxb5 Bxb5 18. Rc1 Ne7 19. Nb3 Bc4 20. Nd2 Ba6 21.
f4 Ng6 22. Bd4 Nxf4 23. Rc7 Be7 24. Nb3 Bd8 25. Rc2 h5 26. Kf2 Nd3+ 27. Kg2
hxg4 28. Nc5 Nf4+ 29. Kf2 Rh3 30. Nxa6 Bh4+ 31. Kg1 bxa6 32. Bf2 Rxa3 33. Bxh4
Ra1+ 34. Kf2 Rxh1 35. Bg3 Rc1 36. Ra2 g5 37. Ra3 Kf8 38. Ke3 Rc4 39. Rb3 Re4+
40. Kd2 Rxe5 0-1

[Event "United States Championship 2006"]
[Site "San Diego USA"]
[Date "2006.03.07"]
[Round "5"]
[White "Cottrell, K."]
[Black "Ross, L."]
[Result "0-1"]
[WhiteElo "1887"]
[BlackElo "2141"]
[PlyCount "84"]
[EventDate "2006.??.??"]

1. Nf3 d5 2. c4 c6 3. g3 Nf6 4. Bg2 Nbd7 5. cxd5 cxd5 6. d4 e6 7. Bf4 Bb4+ 8.
Nbd2 O-O 9. O-O Nh5 10. Bg5 f6 11. Be3 g5 12. Nb3 Nb6 13. Bd2 Bd6 14. Ba5 Qe7
15. Nfd2 Ng7 16. e4 dxe4 17. Nxe4 Nd5 18. Nxd6 Qxd6 19. Qd2 b6 20. Bb4 Nxb4 21.
Bxa8 Ba6 22. Bg2 Bxf1 23. Kxf1 a5 24. a3 Nd5 25. Rc1 a4 26. Na1 Qd7 27. Kg1 Rd8
28. Nc2 Nf5 29. Rd1 Qb5 30. Ne3 Ndxe3 31. fxe3 Qb3 32. Kf2 Kg7 33. Be4 Nxe3 34.
Qxe3 Qxd1 35. Bd3 Qg4 36. d5 Rxd5 37. Be4 Re5 38. Qd3 Qxe4 39. Qd7+ Kh6 40. Qe8
Qf5+ 41. Kg2 Re2+ 42. Kh1 Qf1# 0-1

[Event "United States Championship 2006"]
[Site "San Diego USA"]
[Date "2006.03.07"]
[Round "5"]
[White "Ginsburg, M."]
[Black "Sarkar, J."]
[Result "1/2-1/2"]
[WhiteElo "2367"]
[BlackElo "2323"]
[PlyCount "156"]
[EventDate "2006.??.??"]

1. c4 f5 2. d4 Nf6 3. g3 g6 4. Bg2 Bg7 5. Nf3 O-O 6. O-O d6 7. Nc3 Qe8 8. d5 a5
9. Nd4 Na6 10. e4 fxe4 11. Nxe4 Nxe4 12. Bxe4 Bh3 13. Re1 Nc5 14. Bh1 Qf7 15.
Be3 Rae8 16. Qd2 a4 17. Rad1 e5 18. dxe6 Nxe6 19. Nb5 Qd7 20. f3 Nd8 21. Nc3
Be6 22. c5 Nf7 23. f4 Bg4 24. Rc1 dxc5 25. Qxd7 Bxd7 26. Bxc5 Rxe1+ 27. Rxe1
Rb8 28. Bd5 Bf8 29. Ne4 Bc6 30. Nf6+ Kh8 31. Bxf8 Bxd5 32. Bb4 Bxa2 33. Bc3 Rd8
34. Re7 Kg7 35. Rxc7 b5 36. Rb7 Bc4 37. g4 h6 38. h4 Rd3 39. g5 hxg5 40. hxg5
a3 41. Ne4+ Rxc3 42. bxc3 Bd5 43. Rxb5 Bxe4 44. Ra5 Nd6 45. Rxa3 Kf7 46. Ra5
Ke6 47. Kf2 Nc4 48. Rc5 Bd3 49. Kf3 Kd6 50. Rc8 Kd7 51. Ra8 Kc6 52. Rc8+ Kd7
53. Rf8 Bc2 54. Rf6 Bd3 55. Kf2 Kc7 56. Ra6 Kd7 57. Ra1 Kc6 58. Rd1 Bc2 59. Rd8
Bf5 60. Kg3 Nd6 61. Kf2 Kc5 62. Ke3 Nb5 63. Ra8 Nxc3 64. Ra5+ Kc4 65. Ra1 Nd5+
66. Kf3 Kd4 67. Ra4+ Kd3 68. Ra3+ Nc3 69. Rb3 Be4+ 70. Kg4 Kc4 71. Rb8 Nd5 72.
Re8 Kd4 73. Re5 Ne3+ 74. Kg3 Nf5+ 75. Kf2 Bd5 76. Re1 Be4 77. Rd1+ Bd3 78. Re1
Be4 1/2-1/2

[Event "United States Championship 2006"]
[Site "San Diego USA"]
[Date "2006.03.07"]
[Round "5"]
[White "Muhammad, S."]
[Black "West, V."]
[Result "1/2-1/2"]
[WhiteElo "2377"]
[BlackElo "2083"]
[PlyCount "138"]
[EventDate "2006.??.??"]

1. d4 Nf6 2. c4 e6 3. Nf3 Bb4+ 4. Nbd2 O-O 5. a3 Bxd2+ 6. Qxd2 b6 7. g3 Bb7 8.
Bg2 d6 9. O-O Nbd7 10. b4 c5 11. Bb2 Qe7 12. Rfd1 Rfd8 13. Rac1 Rac8 14. Ba1
cxd4 15. Qxd4 d5 16. Nh4 Nf8 17. Qe3 Ng6 18. Nxg6 hxg6 19. cxd5 Rxc1 20. Qxc1
Bxd5 21. f3 Bb7 22. e4 Ne8 23. Bf1 Rxd1 24. Qxd1 f6 25. Kf2 Qd6 26. Qc2 Qc6 27.
Qb3 Kf7 28. Bd4 Nd6 29. a4 Bc8 30. h4 Bd7 31. a5 bxa5 32. bxa5 a6 33. Bb6 Nb5
34. Bc4 Qd6 35. Qd3 Qc6 36. Ke3 Ke7 37. f4 Qd6 38. Qb3 Qc6 39. Qb4+ Kf7 40. Qc5
Qa8 41. g4 Qb8 42. e5 Qa8 43. exf6 gxf6 44. f5 gxf5 45. gxf5 Qh8 46. fxe6+ Bxe6
47. Bxb5 axb5 48. Qc7+ Kg6 49. Qc2+ Kf7 50. Qc7+ Kg6 51. Qg3+ Kf7 52. a6 Qh6+
53. Qf4 Qf8 54. Qc7+ Kg6 55. Qc2+ Kh6 56. Kf2 Qb8 57. Qc1+ Kg7 58. Qg1+ Kf7 59.
Be3 Qe5 60. a7 Bd5 61. Qg4 Qb2+ 62. Qe2 Qxe2+ 63. Kxe2 b4 64. h5 b3 65. Kd3 Kg7
66. Kc3 Kh7 67. Bc1 Kg7 68. Kd4 Bg2 69. Kc4 b2 1/2-1/2

[Event "United States Championship 2006"]
[Site "San Diego USA"]
[Date "2006.03.07"]
[Round "5"]
[White "Zatonskih, A."]
[Black "Browne, W."]
[Result "1-0"]
[WhiteElo "2433"]
[BlackElo "2434"]
[PlyCount "81"]
[EventDate "2006.??.??"]

1. d4 Nf6 2. c4 e6 3. Nf3 b6 4. g3 Ba6 5. b3 Bb7 6. Bg2 Bb4+ 7. Bd2 a5 8. O-O
O-O 9. Nc3 Bxc3 10. Bxc3 Be4 11. Rc1 c6 12. Bh3 h6 13. Re1 d5 14. Ne5 Nfd7 15.
Nd3 Nf6 16. f3 Bh7 17. Nf2 b5 18. e4 Nbd7 19. Bd2 bxc4 20. bxc4 dxe4 21. fxe4
e5 22. d5 Nc5 23. Bg2 Qd6 24. Qf3 Nfd7 25. Bh3 Nf6 26. Bc3 Rfe8 27. Bg2 cxd5
28. cxd5 Rec8 29. Qe3 Nfd7 30. Bh3 Rcb8 31. Re2 Rb5 32. Bb2 Qb6 33. Rcc2 Bg6
34. Ba3 Ra7 35. Kg2 Kh7 36. Re1 Rb7 37. Qc3 f6 38. Qf3 Qa7 39. Rec1 Na6 40. Bf5
Nb4 41. Rc8 1-0

[Event "United States Championship 2006"]
[Site "San Diego USA"]
[Date "2006.03.07"]
[Round "5"]
[White "Itkis, H."]
[Black "Abrahamyan, T."]
[Result "0-1"]
[WhiteElo "2105"]
[BlackElo "2254"]
[PlyCount "82"]
[EventDate "2006.??.??"]

1. c4 c6 2. d4 d5 3. cxd5 cxd5 4. Nc3 Nc6 5. Nf3 Nf6 6. Bf4 Bf5 7. e3 a6 8. Ne5
e6 9. Nxc6 bxc6 10. Qa4 Qb6 11. Be2 Be7 12. O-O O-O 13. Qb3 Qa7 14. Rac1 Nd7
15. Na4 c5 16. Qa3 Rfc8 17. Nxc5 e5 18. Bg3 Nxc5 19. dxc5 Bxc5 20. b4 Bd6 21.
Rxc8+ Bxc8 22. Bf3 Be6 23. Qb2 e4 24. Bxd6 exf3 25. gxf3 Qd7 26. Bf4 Bh3 27.
Rc1 Rc8 28. Rxc8+ Qxc8 29. Qb1 Qc4 30. Qd1 Qxa2 31. Be5 h5 32. Kh1 f6 33. Bg3
g5 34. Kg1 Kg7 35. Bd6 Qc4 36. Bc5 a5 37. Qe1 g4 38. Bd4 gxf3 39. bxa5 Qc8 40.
Kh1 Qg4 41. Bxf6+ Kf7 0-1

[Event "United States Championship 2006"]
[Site "San Diego USA"]
[Date "2006.03.07"]
[Round "5"]
[White "Yermolinsky, A."]
[Black "Kamsky, G."]
[Result "1/2-1/2"]
[WhiteElo "2554"]
[BlackElo "2686"]
[PlyCount "60"]
[EventDate "2006.??.??"]

1. d4 d5 2. c4 c6 3. Nf3 Nf6 4. Nc3 a6 5. a4 g6 6. Bf4 Bg7 7. e3 O-O 8. Be2 c5
9. O-O cxd4 10. exd4 Nc6 11. Ne5 Be6 12. c5 a5 13. Bf3 Nd7 14. Bxd5 Bxd5 15.
Nxd5 Ncxe5 16. dxe5 e6 17. Nf6+ Nxf6 18. exf6 Qxf6 19. Bd6 Rfc8 20. Ra3 Bf8 21.
Rb3 Bxd6 22. cxd6 Rc5 23. Rxb7 Rd5 24. Qc2 Rxd6 25. Qc7 Rd5 26. b4 axb4 27.
Rb8+ Rxb8 28. Qxb8+ Qd8 29. Qxb4 Rd4 30. Qa3 Rd3 1/2-1/2

[Event "United States Championship 2006"]
[Site "San Diego USA"]
[Date "2006.03.07"]
[Round "5"]
[White "Christiansen, N."]
[Black "Airapetian, C."]
[Result "0-1"]
[WhiteElo "2003"]
[BlackElo "2130"]
[PlyCount "72"]
[EventDate "2006.??.??"]

1. d4 Nf6 2. Nf3 g6 3. Bf4 Bg7 4. e3 O-O 5. Be2 d6 6. h3 Nfd7 7. c3 e5 8. Bh2
Nc6 9. Nbd2 h6 10. O-O Kh8 11. Nb3 f5 12. d5 Ne7 13. Rc1 Nf6 14. c4 a5 15. a4
Bd7 16. Nbd2 b6 17. Nb1 g5 18. Nc3 g4 19. hxg4 Nxg4 20. Bg3 Ng6 21. Nd2 h5 22.
Bxg4 hxg4 23. Qc2 Qg5 24. Nb5 f4 25. Ne4 Qh6 26. exf4 exf4 27. Bh2 Rf5 28.
Nexd6 cxd6 29. Nxd6 Rff8 30. c5 bxc5 31. Qxc5 Ne5 32. Qc7 g3 33. fxg3 Ng4 34.
Rxf4 Qxh2+ 35. Kf1 Rxf4+ 36. gxf4 Qxf4+ 0-1

[Event "United States Championship 2006"]
[Site "San Diego USA"]
[Date "2006.03.07"]
[Round "5"]
[White "Vigorito, D."]
[Black "Ippolito, D."]
[Result "1/2-1/2"]
[WhiteElo "2359"]
[BlackElo "2414"]
[PlyCount "67"]
[EventDate "2006.??.??"]

1. Nf3 d5 2. d4 Nf6 3. c4 e6 4. Nc3 c6 5. Bg5 h6 6. Bxf6 Qxf6 7. e3 Nd7 8. Bd3
dxc4 9. Bxc4 g6 10. O-O Bg7 11. e4 e5 12. d5 Nb6 13. Bb3 Bg4 14. h3 Bxf3 15.
Qxf3 Qxf3 16. gxf3 Ke7 17. dxc6 bxc6 18. Rac1 Rab8 19. Rc2 h5 20. Rd1 Rhd8 21.
Kf1 Rbc8 22. Rxd8 Rxd8 23. Na4 Rd6 24. Nc5 Rd8 25. Ke2 Rc8 26. a4 h4 27. a5 Nd7
28. Nxd7 Kxd7 29. Bxf7 g5 30. Bb3 Bf8 31. Ba4 Bd6 32. Rc4 Be7 33. b4 a6 34. Kd3
1/2-1/2

[Event "United States Championship 2006"]
[Site "San Diego USA"]
[Date "2006.03.07"]
[Round "5"]
[White "Becerra, J."]
[Black "Tuvshintugs, B."]
[Result "0-1"]
[WhiteElo "2556"]
[BlackElo "2208"]
[PlyCount "86"]
[EventDate "2006.??.??"]

1. e4 c5 2. Nf3 Nc6 3. Nc3 e5 4. Bc4 Be7 5. d3 d6 6. Nd2 Bg5 7. Nf1 Bxc1 8.
Rxc1 Nge7 9. Ne3 O-O 10. O-O Ng6 11. Ncd5 Qg5 12. c3 Rb8 13. Qf3 b5 14. Bb3 Be6
15. Qg3 Qxg3 16. hxg3 Nce7 17. f4 exf4 18. gxf4 Nxd5 19. Bxd5 Ne7 20. Bxe6 fxe6
21. d4 c4 22. Rce1 g6 23. g4 Kg7 24. Rf2 Rf7 25. Kg2 Rbf8 26. Ref1 d5 27. e5 h5
28. Rh1 Rxf4 29. Rxf4 Rxf4 30. gxh5 Nf5 31. Nc2 g5 32. a4 bxa4 33. Ra1 Nh4+ 34.
Kg3 Nf5+ 35. Kg2 Nh4+ 36. Kg3 Kh6 37. Rxa4 Rf3+ 38. Kg4 Rf4+ 39. Kg3 Kxh5 40.
Nb4 Rf3+ 41. Kh2 Kg4 42. Kg1 Kg3 43. Ra6 Rf2 0-1

[Event "United States Championship 2006"]
[Site "San Diego USA"]
[Date "2006.03.07"]
[Round "5"]
[White "Fedorowicz, J."]
[Black "Milman, L."]
[Result "1/2-1/2"]
[WhiteElo "2493"]
[BlackElo "2478"]
[PlyCount "59"]
[EventDate "2006.??.??"]

1. e4 c5 2. Nf3 d6 3. d4 cxd4 4. Nxd4 Nf6 5. Nc3 a6 6. Be2 e6 7. O-O Qc7 8. a4
b6 9. f4 Bb7 10. Bf3 Nc6 11. Be3 Be7 12. f5 Nxd4 13. Qxd4 Rb8 14. fxe6 fxe6 15.
Qxb6 Qxb6 16. Bxb6 Bxe4 17. Ba7 Rb7 18. Nxe4 Rxa7 19. Ng5 Kd7 20. Rfe1 Rb8 21.
b3 e5 22. Rad1 Rc7 23. Re2 Rc3 24. Ne4 Nxe4 25. Bxe4 h6 26. Bd3 a5 27. Bf5+ Kc6
28. Red2 Rb4 29. Bd3 Rc5 30. Bb5+ 1/2-1/2

[Event "United States Championship 2006"]
[Site "San Diego USA"]
[Date "2006.03.07"]
[Round "5"]
[White "Liu, E."]
[Black "Lugo, B."]
[Result "0-1"]
[WhiteElo "2139"]
[BlackElo "2412"]
[PlyCount "54"]
[EventDate "2006.??.??"]

1. e4 e5 2. Nf3 Nc6 3. Bb5 a6 4. Ba4 Nf6 5. O-O b5 6. Bb3 Bb7 7. c3 d5 8. d4
Nxe4 9. dxe5 Na5 10. Bc2 Nc4 11. b3 Nb6 12. Nd4 c5 13. Ne2 g6 14. f3 Ng5 15.
Ng3 Ne6 16. f4 Qc7 17. c4 dxc4 18. Be4 cxb3 19. axb3 c4 20. Kh1 Bc5 21. f5 gxf5
22. Rxf5 Nd4 23. Bxb7 Qxb7 24. b4 Nxf5 25. Nxf5 Rg8 26. Ra2 Rd8 27. Qe2 Qxg2+
0-1

[Event "United States Championship 2006"]
[Site "San Diego USA"]
[Date "2006.03.07"]
[Round "5"]
[White "Perelshteyn, E."]
[Black "Kriventsov, S."]
[Result "1/2-1/2"]
[WhiteElo "2522"]
[BlackElo "2449"]
[PlyCount "82"]
[EventDate "2006.??.??"]

1. d4 Nf6 2. c4 g6 3. Nc3 d5 4. Bg5 Ne4 5. Bh4 Nxc3 6. bxc3 Bg7 7. cxd5 Qxd5 8.
e3 c5 9. Qf3 Qxf3 10. Nxf3 Nc6 11. Rb1 O-O 12. Bd3 Re8 13. Be4 cxd4 14. cxd4 e5
15. d5 Nd4 16. Nd2 f5 17. Bd3 h6 18. Bg3 g5 19. f3 e4 20. Nxe4 fxe4 21. fxe4
Nf5 22. exf5 Rxe3+ 23. Kd2 Rxd3+ 24. Kxd3 Bxf5+ 25. Kc4 Rc8+ 26. Kb4 Bf8+ 27.
d6 Bxb1 28. Rxb1 Kf7 29. Ka5 Ke6 30. Rxb7 Bxd6 31. Bxd6 Kxd6 32. Rxa7 Rc2 33.
a4 h5 34. h4 Rxg2 35. hxg5 Rxg5+ 36. Kb6 Rg4 37. a5 Rb4+ 38. Ka6 h4 39. Rh7 Ke6
40. Ka7 Kf5 41. a6 Kg4 1/2-1/2